Batı felsefesi tarihi : (Record no. 14522)

MARC details
000 -BAŞLIK
Sabit Uzunlukta Kontrol Alanı 00733nam a22002297a 4500
999 ## - SİSTEM KONTROL NUMARALARI (KOHA)
Koha Biblionumber 14522
Koha Biblioitemnumber 14522
003 - KONTROL NUMARASI IDENTIFIER
Denetim Alanı MIRAKIL
005 - SON İŞLEM TARİHİ VE ZAMANI
Denetim Alanı 20210927135220.0
008 - SABİT-BOY VERİ ELEMANLARI - GENEL BİLGİLER
Sabit Uzunlukta Kontrol Alanı 210927b tu ||||| |||| 00| 0 tur d
040 ## - KATALOGLAMA KAYNAK
Orijinal Kataloglama Ajansı TR-AnCHP
Kataloglama Dili tur
Metne Dönüştürmek Ajansı TR-AnCHP
082 ## - DEWEY ONLU SINIFLANDIRMA NUMARASI
Sınıflandırma Numarası 189
Ürün Numarası R87b 1983
100 ## - ANA GİRİŞ - KİŞİSEL İSİM
Kişisel Ad Russell, Bertrand
245 ## - BAŞLIK TABLOSU
Başlık Batı felsefesi tarihi :
Başlığın Kalan İlkçağ-Ortaçağ-Yeniçağ /
Sorumluluk Tablosu, Vb Bertrand Russell ; Çeviren Muammer Sencer
246 ## - UNVAN FORM VARYING
Başlık Doğru / Kısa Başlığı İlkçağ-Ortaçağ-Yeniçağ /
250 ## - EDITION TABLOSU
Baskı Beyanı 3. bs.
260 ## - YAYIN, DAĞITIM, VB
Yayın, Dağıtım, Vb Yeri İstanbul:
Yayıncı, Dağıtıcı, Vs Adı Say Yayınları,
Yayın, Dağıtım, Vb Tarihi 1983.
300 ## - FİZİKSEL TANIM
Kapsam 838 s.:
Boyutlar 24 sm.
504 ## - KAYNAKÇA VB NOT
Kaynakça Vb Notu Dizin vardır.
650 #0 - KONU KATMA GİRİŞ - TOPİKAL DÖNEM
Topikal Süreli Veya Coğrafi Ad Giriş Elemanı Batı Felsefesi
9 (RLIN) 5796
Genel Alt Bölümü Tarih
700 ## - KATMA GİRİŞ - KİŞİSEL İSİM
Kişisel Ad Sencer, Muammer
9 (RLIN) 6751
Relator Terim çev.
740 ## - KATMA GİRİŞ - KONTROLSUZ İLGİLİ / ANALİTİK BAŞLIK
Kontrol Edilmeyen / İlgili Analitik Başlıktaki İlkçağ-Ortaçağ-Yeniçağ /
942 ## - EKLENDİ GİRİŞ ELEMANLARI (KOHA)
Sınıflandırma Veya Raf Düzeni Kaynak Dewey Decimal Classification
Koha Öğesi Türü Books
Holdings
Kalıcı Konum Mevcut Konum Edinme Tarihi Toplam Check-Out'Lar Tam Çağrı Numarası Barkod Tarih Son Görülme İtibaren Geçerli Fiyatlar Sigara Kamu Notu Koha Öğesi Türü
CHP Kütüphanesi CHP Kütüphanesi 09/27/2021   189 R87b 1983 020015 09/27/2021 09/27/2021 Emin Değer Bağışıdır. Books